000 00636nam a2200253Ia 4500
005 20260121114128.0
008 008 260114s9999 xx 000 0 eng d
020 _a9781119413332
037 _aEBOOK
040 _aCRL
040 _beng
040 _cCRL
041 _2eng
041 _aeng
084 _qCRL
100 _aKaterina Dontsova
_9971205
245 0 _aBiogeochemical Cycles - Ecological Drivers and Environmental Impact
260 _bWiley
260 _c2020
856 _uhttps://onlinelibrary.wiley.com/doi/book/10.1002/9781119413332
942 _cEBOOK
999 _c1550460
_d1550460